Premier League Teams 23/24 - Luton Town - Statistics

General Stats
  • This quiz has been taken 4 times
  • The average score is 8 of 21
Answer Stats
Question Answer % Correct
What is their nickname? The Hatters
100%
How many top division titles have they won? 0
75%
What is the name of their stadium? Kenilworth Road
75%
Which year did they win their most recent top division title? No Titles
75%
Who is their head Coach? Rob Edwards
75%
Their record home attendance was against Blackpool in 1959. How many were there. (To the nearest 1,000) 30,069
50%
Who is the chairman? David Wilkinson
50%
How many consecutive seasons in the top division? One
50%
What is the colour of their home kit? Orange and White
50%
Which company sponsors their kit? Utilita
50%
Which team is their closest rival? Watford
50%
With 562 games, who has played the most for them? Bob Morton
25%
Their record league win was 12–0 in 1936. Can you name their opponent? Bristol Rovers
25%
Their youngest first team player was only 15 years, 199 days. What was his name? Connor Tomlinson
25%
With 276 goals, who is their record goal scorer? Gordon Turner
25%
Who is the owner of the club? (If more than one owner, use the person/company with the majority stake) Luton Town Football Club 2020 Ltd
25%
Their biggest loss was against Small Heath in 1898. What was the score? 9-0
0%
Their record cup win was 15–0 in 1914. Who was it against? Great Yarmouth Town
0%
...and what does it mean in English? Science and labour are needed
0%
What is their motto? Scientiæ et labori detur
0%
Their oldest first team player was 40 years, 222 days. Who was it? Trevor Peake
0%
No matching quizzes found
Score Distribution
Percent of People with Each Score
Percentile by Number Answered
Your Score History
You have not taken this quiz